000 00364nam a2200133Ia 4500
005 20260328101521.0
008 260328s9999||||xx |||||||||||||| ||und||
100 _aThompson, Rob
245 0 _aProduct and furniture Design :
_b The manufacturing Guides /
_cRob Thompson
260 _bThames & Hudson
300 _a192 p.
650 _aDISEÑO INDUSTRIAL
942 _cBK
999 _c9580
_d9580